| 000 | 01548nam a2200349 a 4500 | ||
|---|---|---|---|
| 003 | CHAP | ||
| 005 | 20240813091043.0 | ||
| 007 | ta | ||
| 008 | 231123s2022 mx ad||fom||| 001 0 spa d | ||
| 040 | _erda | ||
| 041 | _aspa | ||
| 100 | 1 |
_aVelasco Caballero, Vanessa Guadalupe _9188297 |
|
| 245 | 1 | 0 |
_aDesarrollo de proveedores para la producción de miel orgánica en la península de Yucatán / _cVanessa Guadalupe Velasco Caballero |
| 264 |
_aChapingo, México : _bEl autor, _c2022 |
||
| 300 |
_a1 recurso en línea (136 páginas) : _bilustraciones, tablas, gráficas |
||
| 336 |
_2rdacontent _atexto _btxt |
||
| 337 |
_2rdamedia _acomputadora _bc |
||
| 338 |
_2rdacarrier _arecurso en línea _bcr |
||
| 502 |
_aTesis _bIA _cAgroindustrias _d2022 _gLIC |
||
| 504 | _aBibliografía: páginas 133-136 | ||
| 650 | 1 | 3 |
_9140677 _aMiel _xProducción orgánica _2atg |
| 650 | 1 | 3 |
_9143229 _aMiel y productos fabricados por abejas _zMéxico _zYucatán _2atg |
| 650 | 1 | 3 |
_96241 _aApicultura _zMéxico _zYucatán _2atg |
| 650 | 1 | 3 |
_9158819 _aHoney _xOrganic production _2atg |
| 650 | 1 | 3 |
_9147739 _aHoney and bee products _zMexico _zYucatan _2atg |
| 650 | 1 | 3 |
_9147737 _aApiculture _zMexico _zYucatan _2atg |
| 700 | 1 |
_9147446 _aEspejel García, Anastacio _edirector |
|
| 700 | 1 |
_aBarrera Rodríguez, Ariadna Isabel _easesor _9163078 |
|
| 700 | 1 |
_9154340 _aEsparza Torres, Félix _easesor |
|
| 856 | 4 | 0 |
_yDESCARGAR PDF _uhttp://10.13.5.2/tesis/tl/1212613-1_Velasco_Caballero_Vanessa_Guadalupe.pdf |
| 942 |
_2Clasificación Universidad Autónoma Chapingo _cTD |
||
| 999 |
_c219441 _d219441 |
||